Educadores de nuestro ejército / (Record no. 68958)

MARC details
000 -LEADER
campo de control de longitud fija 01261nam a2200289 i 4500
001 - NÚMERO DE CONTROL
campo de control 68958
003 - IDENTIFICADOR DE NÚMERO DE CONTROL
campo de control ES-MaACL
005 - FECHA Y HORA DE LA ÚLTIMA TRANSACCIÓN
campo de control 20250721152415.0
007 - CAMPO FIJO DE DESCRIPCIÓN FÍSICA--INFORMACIÓN GENERAL
campo de control de longitud fija t|
008 - DATOS DE LONGITUD FIJA--INFORMACIÓN GENERAL
campo de control de longitud fija 040818s1909 sp |||| | spa d
100 1# - ENTRADA PRINCIPAL--NOMBRE DE PERSONA
Nombre de persona Ibáñez Marín, José,
Fechas asociadas al nombre 1862-1909
9 (RLIN) 64933
245 10 - MENCIÓN DEL TÍTULO
Título Educadores de nuestro ejército /
Mención de responsabilidad, etc. obra póstuma del coronel de Infantería Don José Ibáñez Marín ; prólogo del Excmo. Sr. General D. Federico de Madariaga.
260 ## - PUBLICACIÓN, DISTRIBUCIÓN, ETC.
Lugar de publicación, distribución, etc. Madrid :
Nombre del editor, distribuidor, etc. Imp. de la "Revista Técnica de Infª y Cabª",
Fecha de publicación, distribución, etc. 1909.
300 ## - DESCRIPCIÓN FÍSICA
Extensión XXXVII, 73 p. ;
Dimensiones 23 cm.
500 ## - NOTA GENERAL
Nota general Precede al tít.: Publicaciones de la "Revista Técnica de Infantería y Caballería"
505 8# - NOTA DE CONTENIDO CON FORMATO
Nota de contenido con formato Encuadernado con: ;
Título Moral militar /
Mención de responsabilidad Eduardo Tapia Téllez
530 ## - NOTA DISPONIBLE DE FORMULARIO FÍSICO ADICIONAL
Nota de formato físico adicional disponible Disponible en formato digital.
650 #7 - PUNTO DE ACCESO ADICIONAL DE MATERIA--TÉRMINO DE MATERIA
Término de materia o nombre geográfico como elemento de entrada Militares-
Subdivisión geográfica España-
Subdivisión cronológica S.XIX
9 (RLIN) 159422
651 #4 - PUNTO DE ACCESO ADICIONAL DE MATERIA--NOMBRE GEOGRÁFICO
Nombre geográfico España-
Subdivisión general Historia militar-
Subdivisión cronológica S.XIX.
9 (RLIN) 8374
700 1# - ENTRADA AGREGADA--NOMBRE PERSONAL
Nombre de persona Madariaga, Federico.
9 (RLIN) 129312
700 0# - ENTRADA AGREGADA--NOMBRE PERSONAL
Nombre de persona Tapia de Téllez, Eduardo de.
9 (RLIN) 109236
740 02 - ENTRADA AGREGADA--TÍTULO RELACIONADO/ANALÍTICO NO CONTROLADO
Título relacionado o analítico no controlado Moral militar.
852 ## - LOCALIZACIÓN
Ubicación ES-MaACL
Número de control de estantería F-12345(2)
Ubicación en estantería Sala Pecera Planta 2
Nota libre Revisado enlace: 21 de julio de 2025
856 4# - LOCALIZACIÓN Y ACCESO ELECTRÓNICOS
Identificador Uniforme de Recursos <a href="http://bdh-rd.bne.es/viewer.vm?id=0000048064&page=1 ">http://bdh-rd.bne.es/viewer.vm?id=0000048064&page=1 </a>
Texto de enlace Biblioteca Digital Hispánica
942 ## - ELEMENTOS DE ENTRADA SECUNDARIOS (KOHA)
Fuente del sistema de clasificación o colocación Clasificación decimal universal
Holdings
Estatus retirado Estado de pérdida Estado de daño No para préstamo Colección Biblioteca de origen Biblioteca actual Ubicación en estantería Fecha de adquisición Fuente de adquisición Total de préstamos Signatura topográfica completa Código de barras Visto por última vez Precio de reemplazo Tipo de ítem Koha
        Colección digital Biblioteca del Ateneo de Madrid Biblioteca del Ateneo de Madrid Sala Pecera Planta 2 17/01/2008     F-12345(2) 1072210 23/02/2023 23/02/2023 Libro impreso